00326nam a2200121 a 4500020001800000082001300018100002000031245003400051260002900085300000900114500003500123650004600158 a8185026165 00a745bGRU aGrube, Rrnst J. aMirror for Princes from India aBombaybMarg Pub. c1991 a170p aincludes index and biblioraphy aIslamic Illumination of book Manuscripts